01140nam a22002297a 45000010005000000030006000050050017000110080041000280200018000690400029000870500008001160820012001241000021001362450114001572600028002713000049002995200440003486500042007887000026008307000026008567000028008823449FISKH20250324141124.0240306b cb ||||| |||| 00| 0 eng d a9780198392880 aFISKHbengcFISKHdFISKH aPZ7 a428.24  aAkhurst, Christ  aEnglish as a second language for Cambridge IGCSERG /cChrist Akhurst ; Lucy Bowly ; Brian Dyer ; Dean Roberts aUK : bOxford, c2014.  a259 pages : bcolor illustrations ; c28 cm  aMatched to the Cambridge IGCSE syllabus, this comprehensive resource helps learners acquire crucial English language skills. Exam-style audio material can be found on the accompanying CD, so students can get realistic listening practice, including practice of the 'listening for inference' component - a crucial requirement of the latest syllabus. Exam practice is integrated throughout, driving top achievement in the four key skills. aEnglish Second Languages xCambridge  aBowly, Lucy eAuthor  aDyer, Brian eAuthor  aRoberts, Dean eAuthor